000 00367nam a2200145Ia 4500
008 240624s9999 xx 000 0 und d
041 _aeng
082 _a340 SHE
100 _aSHELKAR RAM
245 _aMUMBAI GRAM PANCHAYAT ACT 1958 AND RULES
250 _a(4th ed.)
260 _c2006
_aPune
_bAshok Grower & Sons
300 _a800p. : cm. ; 24
365 _cRS
_b15
999 _c10886
_d10886